| 000 | 00450nam a2200157 i 4500 | ||
|---|---|---|---|
| 001 | bg | ||
| 100 | 1 |
_aRecknagel, Hermann _d(1868-1919). |
|
| 245 | 0 |
_aTaschenbuch für Heizung und Klimatechnik / _cH. Recknagel, E. Sprenger, W. Honmann. |
|
| 260 |
_aOldenbourg, _c1987. |
||
| 700 | 1 |
_aSprenger, Eberhard _d(1904-1989). |
|
| 700 | 1 | _aHonmann, Winfried. | |
| 040 | _cBPK | ||
| 041 | _apol | ||
| 942 | _cKS | ||
| 008 | s pl f |000 0 pol | ||
| 999 |
_c28850 _d28850 |
||
| 856 |
_uhttp://koha.tu.koszalin.pl/cgi-bin/koha/opac-detail.pl?biblionumber=28850 _yKatalog online BPK |
||